Представление документа в формате MARC21

Поле Инд. ПП Название Значение
Тип записи a
Библиографический уровень b
001 Контрольный номер RU/IS/BASE/264553274
005 Дата корректировки 20200522190619.2
008 Кодируемые данные 19960529
084 a Индекс другой классификации/Индекс ББК 67.404.013.11(2Рос); 67.404.013.11(4Фин)
097 00 a 750
100 10 a Автор Лехтинен Л.
245 10 a Заглавие Права товариществ и акционерных обществ в России и Финляндии
b Продолж. заглавия (Сравнительно-правовые аспекты)
650 a Основная рубрика гражданское право
a Основная рубрика право
653 00 a Ключевые слова акции
a Ключевые слова акционерные общества
a Ключевые слова вкладчики
a Ключевые слова коммандитное товарищество
a Ключевые слова полное товарищество
a Ключевые слова предпринимательство
a Ключевые слова Россия
a Ключевые слова товарищества
a Ключевые слова уставный капитал
a Ключевые слова Финляндия
a Ключевые слова хозяйственные общества
a Ключевые слова хозяйственные товарищества
773 00 t Заглавие источника Государство и право
d Дата издания источника 1996
g Прочая информация № 3. - С. 38 - 45
w Контрольный № источника RU/IS/BASE/149344837
901 t Тип документа b